| 000 | 01657nam a2200349 a 4500 | ||
|---|---|---|---|
| 003 | mxchpua | ||
| 005 | 20240524100345.0 | ||
| 007 | ta | ||
| 008 | 240524s2022 mx abd|fs|||| 001 0 spa d | ||
| 040 | _amxchpua | ||
| 090 |
_aT.C.894 _bE85 IAI _c2022 |
||
| 245 | 1 | 0 |
_aReporte de fase de campo de la materia de Interrelación Agricultura -Industria / _ccoordinadores Félix Esparza Torres, León De Jesús Pacheco Álvarez y Gabriela Gudiño Guerrero ; colaboradores David Aldaco Estrada...[y otros] |
| 260 |
_aChapingo, México : _bEl autor _c2022 |
||
| 300 |
_a1 recurso en línea (184 páginas) : _bilustraciones, tablas, gráficas, mapas, diagramas |
||
| 336 |
_2rdacontent _atexto _btxt |
||
| 337 |
_2rdamedia _acomputadora _bc |
||
| 338 |
_2rdacarrier _arecurso en línea _bcr |
||
| 500 | _aGrado: 5° año Grupo: 03 | ||
| 502 |
_aViaje de Estudios _b(IAI) -- _cUACh. Departamento de Ingeniería Agroindustrial, _d2022 |
||
| 504 | _aBibliografía: páginas 133-137 | ||
| 650 | 1 | 3 |
_9143326 _aIndustria láctea _zMéxico _zJalisco |
| 650 | 1 | 3 |
_9120043 _aViticultura _zMéxico _zJalisco |
| 650 | 1 | 3 |
_9151418 _aIndustria del vino _zMéxico _zJalisco |
| 650 | 1 | 3 |
_9147869 _aMilk industry _zMexico _zJalisco |
| 650 | 1 | 3 |
_9149530 _aViticulture _zMexico _zJalisco |
| 650 | 1 | 3 |
_9151419 _aWine industry _zMexico _zJalisco |
| 700 | 1 |
_9154340 _aEsparza Torres, Félix _ecoordinador |
|
| 700 | 1 |
_9189111 _aPacheco Álvarez, León De Jesús _ecoordinador |
|
| 700 | 1 |
_9189112 _aGudiño Guerrero, Gabriela _ecoordinador |
|
| 700 | 1 |
_9185351 _aAldaco Estrada, David _ecolaborador |
|
| 856 | 4 | 0 |
_uhttp://10.13.5.2/ve/TC894_IAI/TC894_IAI_2022-REPORTE.pdf _yDESCARGAR REPORTE |
| 999 |
_c219925 _d219925 |
||